000 00736nam a2200253 i 4500
001 000030791
003 DO-SdBNP
005 20241211072841.0
007 ta
008 110530s1947 dr 000 0 spa d
040 _aDO-SdBNP
_bspa
_cBNPHU
_erda
041 _hspa
082 _axxxx
_bM491
_222
100 1 _aMedina, Pedro
_eautor
_957350
245 1 0 _aRomance a Juana Saltitopa :
_bLa coronela /
_cPedro Medina.
264 _aCiudad Trujillo, República Dominicana :
_bImprenta Arte y Cine,
_c1947.
300 _a23 páginas ;
_c15 cm.
336 _ardacontent
_btexto
_2txt
337 _ardamedia
_bsin mediación
_2n
338 _ardacarrier
_bvolumen
_2nc
590 _aInventariado, 2024/DG
910 _aDG
942 _2ddc
_cLF2
999 _c30283
_d30283